| 000 | 00662nam a22002177a 4500 | ||
|---|---|---|---|
| 003 | JO-AjAnu | ||
| 005 | 20240806091258.0 | ||
| 008 | 240805b jo ||||| |||| 00| 0 ara d | ||
| 020 | _a9781975217303 | ||
| 040 |
_aJO-AjAnu _beng _cJO-AjAnu |
||
| 041 | _heng | ||
| 100 |
_aD. McArdle , William _966112 |
||
| 245 |
_aExercise Physiology: Nutrition, Energy, and Human Performance _c/ William D. McArdle |
||
| 250 | _a9 edition | ||
| 260 |
_bWolter Klouer : _c2023 |
||
| 300 | _a1110 pages | ||
| 650 | _vExercise-Physiology aspects | ||
| 700 |
_aFrank I. Katch _eJoint author _966113 |
||
| 700 |
_aVictor L. Katch _eJoint author _966114 |
||
| 942 |
_2lcc _cBK _n0 |
||
| 999 |
_c33621 _d33621 |
||